A comparative analysis of aims of education in the United States, People's Republic of China and Malaysia /
Saved in:
| Main Author: | |
|---|---|
| Format: | Thesis Book |
| Language: | English |
| Published: |
Ann Arbor, Mich. :
University Microfilms,
1979.
|
| Subjects: | |
| Tags: |
Add Tag
No Tags, Be the first to tag this record!
|
| LEADER | 01095cam a2200301 a 4500 | ||
|---|---|---|---|
| 001 | u157355 | ||
| 003 | SIRSI | ||
| 008 | 920429s1979 us a v 00 1 eng m | ||
| 035 | |a AAS-7209 | ||
| 040 | |a UMM | ||
| 043 | |a a-my--- |a a-cc--- | ||
| 090 | |a LA1236 |b Sin | ||
| 100 | 1 | 0 | |a Sinaga, Hulman, |d 1932- |
| 245 | 1 | 2 | |a A comparative analysis of aims of education in the United States, People's Republic of China and Malaysia / |c Hulman Sinaga. |
| 260 | |a Ann Arbor, Mich. : |b University Microfilms, |c 1979. | ||
| 300 | |a v, 236 leaves : |b illus. ; |c 21 cm. | ||
| 500 | |a PPZ. | ||
| 500 | |a Photocopy. | ||
| 502 | |a Thesis (Ph.D.) -- Wayne State University, 1973. | ||
| 504 | |a Bibliography: leaves 228-235. | ||
| 650 | 0 | |a Education |z Malaysia. | |
| 650 | 0 | |a Education |z China | |
| 650 | 0 | |a Education |z United States. | |
| 650 | 0 | |a Comparative education. | |
| 948 | |a 29/04/1992 |b 27/11/2000 | ||
| 596 | |a 1 | ||
| 999 | |a LA1236 SIN |w LC |c 1 |i A002615941 |l STACKS |m P01UTAMA |r Y |s Y |t TESIS |u 6/5/1992 | ||
| 999 | |a LA1236 SIN PHOTOCOPY |w LC |c 1 |i A508211796 |d 21/10/2019 |e 10/10/2019 |l STACKS |m P01UTAMA |n 9 |r Y |s Y |t BUKU |u 8/10/1998 | ||
